000 02819cam a2200421 a 4500
005 20080711183255.0
008 051011s2006 iluab | b 00| 0 eng
010 _aB-310143-148
020 _a1593392664
_c2800.00
020 _a9781593392666
_c2800.00
035 _aB-310143-148
035 _aB-359024
037 _bGDMK
040 _adpl
_bEnglish
082 _a200.3
245 _aBritannica encyclopedia of world religions
246 _aEncyclopedia of world religions
260 _aChicago, IL
_bEncyclopaedia Britannica, Inc.,
_cc2006.
270 _bChicago, IL
_e60610
300 _axvii, 1181 p. :
_bill. (some col.), maps ;
_c26 cm.(Hb)
500 _a"The original edition of this book, created in conjunction with Merriam-Webster, Incorporated, was published in 1999 as Merriam-Webster's encyclopedia of world religions" -- T. p. verso.
504 _aIncludes bibliographical references (p. 1168-1181)
650 _aReligion
_vEncyclopedias
700 _aDoniger, Wendy.
710 _aEncyclopedia Britannica, Inc.
730 _aMerriam-Webster's encyclopedia of world religion
942 _2ddc
_cEN
_h200.3
_mBRI
999 _c15964
_d15964